Hanukkah Facts Quiz Stats

 Plays Quiz Updated Dec 12, 2017

Challenge
Share
Tweet
Embed
Score 0/18 Timer 10:00
1 Play Today
Hint Answer % Correct
A miracle occurred, and it lasted for this many days, which is how long Hanukkah lasts8
77.8%
This top-like toy is traditionally played on HanukkahDreidel
71.2%
There was enough of the substance to last for this many days1
67.5%
The ritual required this substance, which is considered best for use in the modern Hanukkah ritualOlive oil
63.9%
Victories against the empire allowed the Jewish army to enter the Holy Temple in this cityJerusalem
62.8%
In the modern Hanukkah ritual, many use these in place of the above substanceCandles
57.2%
In the temple, this object had this many branches7
55.6%
These fried treats are customarily served on HanukkahPotato Latkes (Pancakes) or Sufganiyot (Donuts)
53.1%
Upon entering the temple, they sought to perform a ritual on this temple objectMenorah (Candelabrum)
45.5%
Hint Answer % Correct
Israel was ruled by this empire prior to the events celebrated on HanukkahSeleucid Empire (Syrian-Greek)
44.3%
His sons were known collectively by this nameMaccabees
42.2%
After his death, this son led the revoltJudah Maccabee
30.5%
Passages from this Biblical book are read in the synagogue every day of HanukkahNumbers (specifically, 7:1-8:4)
22.6%
This emperor began to restrict Jewish religious practiceAntiochus IV Epiphanes
19.8%
The word Hanukkah means this, which is what the Jewish army did to the Holy Temple at that timeDedication or Inauguration
17.4%
They entered the Holy Temple on this day of the Jewish calendar, on which Hanukkah begins25 Kislev
15.4%
This priest began to organize resistance against the empireMattisyahu (Mattathias)
15.3%
Years after that miracle, the Jewish army won complete independence from the empire and founded this dynastyHasmonean
9.6%

You're not logged in!

Compare scores with friends on all Sporcle quizzes.
OR
Log In

You Might Also Like...

Show Comments

Extras

Top Quizzes Today


Score Distribution

Your Account Isn't Verified!

In order to create a playlist on Sporcle, you need to verify the email address you used during registration. Go to your Sporcle Settings to finish the process.

Report this User

Report this user for behavior that violates our Community Guidelines.

Details: